Una página de historia diplomática
שמור ב:
| מחבר ראשי: | |
|---|---|
| פורמט: | ספר |
| שפה: | ספרדית |
| יצא לאור: |
Santiago
Imprenta Universitaria, Bandera 130
1910
|
| מהדורה: | 1a. ed |
| נושאים: | |
| תגים: |
הוספת תג
אין תגיות, היה/י הראשונ/ה לתייג את הרשומה!
|
MARC
| LEADER | 00000nam a2200000 a 4500 | ||
|---|---|---|---|
| 001 | UCJ4724 | ||
| 003 | CL-VaPUC | ||
| 008 | 070124e19100000CL |||||||||||||||||spa|d | ||
| 082 | 0 | 4 | |a 972 |b ROD |2 21 |
| 100 | |a Rodríguez Mendoza, E. |e author |9 508920 | ||
| 245 | 1 | 4 | |a Una página de historia diplomática |
| 250 | |a 1a. ed | ||
| 300 | |a 87 p | ||
| 942 | |c BK | ||
| 945 | |d 20070124 00:00:00 |a rinostro | ||
| 260 | |a Santiago |b Imprenta Universitaria, Bandera 130 |c 1910 | ||
| 600 | 0 | 7 | |a EDICIONES UNIVERSITARIAS DE VALPARAISO |2 CL-VaPUC |9 504560 |
| 650 | 0 | |a Diplomacia |9 256483 | |
| 650 | 7 | |a CANAL DE PANAMA |2 CL-VaPUC |9 508921 | |
| 650 | 7 | |a IMPERIALISMO NORTEAMERICANO |2 CL-VaPUC |9 508330 | |
| 650 | 7 | |a SECESION COLOMBIANA |2 CL-VaPUC |9 508922 | |
| 650 | 7 | |a DOCUMENTOS |2 CL-VaPUC |9 366450 | |
| 650 | 7 | |a FUENTES |2 CL-VaPUC |9 255666 | |
| 651 | 0 | |a Colombia |9 256424 | |
| 651 | 7 | |a PANAMA |2 CL-VaPUC |9 257728 | |
| 651 | 7 | |a ESTADOS UNIDOS DE NORTEAMERICA |2 CL-VaPUC |9 316036 | |
| 583 | |a last modification |c 20070124 00:00:00 |k Rodrigo Vera | ||
| 999 | |c 320840 |d 320838 | ||
| 952 | |0 0 |1 0 |4 0 |6 972_000000000000000_ROD_1910 |7 0 |8 X |9 399446 |a FDOBUD |b FDOBUD |d 2019-11-22 |i 1022407 |o 972 ROD 1910 |p 1022407 |r 2019-11-22 |w 2019-11-22 |y BK_X |k BUD | ||